Relación del viaje por el Mar del Sur
Saved in:
| Hovedforfatter: | |
|---|---|
| Format: | Bog |
| Sprog: | spansk |
| Udgivet: |
Caracas
Biblioteca Ayacucho
1982
|
| Serier: | Biblioteca Ayacucho, 99
|
| Fag: | |
| Tags: |
Tilføj Tag
Ingen Tags, Vær først til at tagge denne postø!
|
MARC
| LEADER | 00000cam a2200000 a 4500 | ||
|---|---|---|---|
| 001 | UCF8275 | ||
| 003 | CL-VaPUC | ||
| 008 | 130808e19820000ve |||||||||||||||||spa|d | ||
| 020 | |a 8466001026 | ||
| 082 | 0 | 4 | |a 910.4 |b FRE |2 21 |
| 100 | 0 | |a Frezier, Amadeo Francisco |e author |9 570377 | |
| 245 | 1 | 0 | |a Relación del viaje por el Mar del Sur |
| 300 | |a 360 p | ||
| 942 | |c BK | ||
| 945 | |d 20130808 11:32:00 |a dcastane | ||
| 260 | |a Caracas |b Biblioteca Ayacucho |c 1982 | ||
| 650 | 0 | |a Viajes y expediciones |9 408124 | |
| 650 | 0 | |a Expediciones científicas |9 265222 | |
| 650 | 0 | |a Geografía |9 259346 | |
| 583 | |a last modification |c 20130808 11:32:00 |k Rodrigo Vera | ||
| 490 | 0 | |a Biblioteca Ayacucho, 99 | |
| 999 | |c 352895 |d 352893 | ||
| 952 | |0 0 |1 0 |4 0 |6 910_400000000000000_FRE_1982 |7 0 |8 A |9 457664 |a BIBHIS |b BIBHIS |d 2019-11-22 |i 4994833 |o 910.4 FRE 1982 |p 4994833 |r 2025-01-20 |w 2019-11-22 |y BK |k HIS | ||